[Event "14. Obert Int. Sant Marti 2012"]
[Site "Barcelona ESP"]
[Date "2012.07.15"]
[Round "3.42"]
[White "Fernandez Aguilar, Francisco"]
[Black "Chakravarthi, Y V K.."]
[Result "0-1"]
[WhiteElo "1946"]
[BlackElo "2053"]
[PlyCount "40"]
[EventDate "2012.07.13"]
[EventType "swiss"]
[EventRounds "9"]
[EventCountry "ESP"]
[SourceTitle "Ajedrez en Madrid"]
[Source "lmi"]
[SourceDate "2012.07.13"]
[SourceVersion "1"]
[SourceVersionDate "2019.06.21"]
[SourceQuality "1"]

1. e4 e6 2. d4 d5 3. Nd2 dxe4 4. Nxe4 Bd7 5. Nf3 Bc6 6. Bd3 Nd7 7. O-O Ngf6 8.
Neg5 Bd6 9. Re1 h6 10. Nxe6 fxe6 11. Bg6+ Kf8 12. Ne5 Bxe5 13. dxe5 Nxe5 14.
Bd3 Qd5 15. f3 Nxd3 16. cxd3 Rd8 17. Bd2 Kf7 18. Qe2 Rhe8 19. Rad1 Qxd3 20. Qe5
Qd4+ 0-1

[Event "14. Obert Int. Sant Marti 2012"]
[Site "Barcelona ESP"]
[Date "2012.07.15"]
[Round "3.43"]
[White "De Azua Arpi, Rafael"]
[Black "Avila Gimenez, Xavier"]
[Result "1/2-1/2"]
[WhiteElo "1952"]
[BlackElo "2307"]
[PlyCount "173"]
[EventDate "2012.07.13"]
[EventType "swiss"]
[EventRounds "9"]
[EventCountry "ESP"]
[SourceTitle "Ajedrez en Madrid"]
[Source "lmi"]
[SourceDate "2012.07.13"]
[SourceVersion "1"]
[SourceVersionDate "2019.06.21"]
[SourceQuality "1"]

1. d4 Nf6 2. c4 e5 3. dxe5 Ng4 4. Nf3 Bc5 5. e3 Nc6 6. Qd5 Qe7 7. a3 a5 8. Nc3
Ngxe5 9. Nxe5 Nxe5 10. b3 O-O 11. Be2 Ra6 12. Ne4 Ba7 13. Bb2 Ng6 14. O-O Re8
15. Bd3 Re6 16. Ng3 Ne5 17. Bc2 Qc5 18. Bd4 Qxd5 19. cxd5 Ra6 20. Bb2 d6 21. h3
Bd7 22. Rfd1 Bb5 23. a4 Bd7 24. Ne2 Bc5 25. Nd4 Rb6 26. Ba3 Bb4 27. Bb2 Kf8 28.
Rac1 Rc8 29. f4 Ng6 30. Kf2 Bc5 31. Bc3 Ra6 32. Bd3 Raa8 33. g4 Re8 34. Re1 b6
35. Re2 Ne7 36. e4 c6 37. Bc4 b5 38. axb5 cxb5 39. Bd3 b4 40. Bb2 a4 41. bxa4
Rxa4 42. Kf3 Rea8 43. Nb3 Bb6 44. Rec2 Ra2 45. Bc4 f6 46. Nd2 R2a7 47. Bb3 Bb5
48. Nc4 Bc5 49. Rd1 Ng6 50. f5 Nh8 51. h4 Nf7 52. Kf4 Ke7 53. g5 Ba4 54. Rd3
Bb5 55. Rg3 Ne5 56. gxf6+ gxf6 57. Nxe5 fxe5+ 58. Kf3 Kf6 59. Kg2 Ba4 60. Bxa4
Rxa4 61. Bc1 Ra2 62. Bg5+ Kf7 63. Rxa2 Rxa2+ 64. Kh3 h5 65. Bc1 Rc2 66. Bg5 Re2
67. Bh6 Rxe4 68. Rg7+ Ke8 69. f6 Be3 70. f7+ Kf8 71. Rg4+ Bxh6 72. Rxe4 Bd2 73.
Re2 Bc3 74. Rf2 b3 75. Rf1 e4 76. Kg3 Bd2 77. Rb1 Kxf7 78. Rxb3 Kf6 79. Rb2 e3
80. Kf3 Ke5 81. Rb5 Kd4 82. Rb8 Kd3 83. Re8 Kd4 84. Rh8 Kd3 85. Re8 Bc1 86. Re4
Bd2 87. Re8 1/2-1/2

[Event "14. Obert Int. Sant Marti 2012"]
[Site "Barcelona ESP"]
[Date "2012.07.15"]
[Round "3.44"]
[White "Ruiz Molina, Gabriel"]
[Black "Leiro Giralt, Daniel"]
[Result "0-1"]
[WhiteElo "1945"]
[BlackElo "2214"]
[PlyCount "92"]
[EventDate "2012.07.13"]
[EventType "swiss"]
[EventRounds "9"]
[EventCountry "ESP"]
[SourceTitle "Ajedrez en Madrid"]
[Source "lmi"]
[SourceDate "2012.07.13"]
[SourceVersion "1"]
[SourceVersionDate "2019.06.21"]
[SourceQuality "1"]

1. d4 d5 2. c4 e6 3. Nc3 Be7 4. Nf3 Nf6 5. Bf4 O-O 6. e3 Nbd7 7. Be2 dxc4 8. e4
a6 9. a4 Bb4 10. Qc2 c5 11. Bd6 Re8 12. e5 Nd5 13. O-O cxd4 14. Nxd4 Bxd6 15.
exd6 N7f6 16. Rad1 Qxd6 17. Bxc4 Bd7 18. Nxd5 exd5 19. Bd3 Qb4 20. b3 Rac8 21.
Qb1 Bg4 22. Nc2 Qb6 23. Rde1 Ne4 24. Ne3 Nd2 25. Bxh7+ Kh8 26. Qd3 Nxf1 27.
Rxf1 Be6 28. g4 g6 29. Bxg6 fxg6 30. Qxg6 Qc7 31. Re1 Qg7 32. Qh5+ Kg8 33. Nf5
Qf6 34. Nh6+ Kg7 35. g5 Qg6 36. Qh4 Bd7 37. Rd1 Re4 38. f4 Be6 39. Qg3 d4 40.
h4 Re3 41. Qf2 Rc2 42. Rd2 Rxd2 43. Qxd2 Qd3 44. Qxd3 Rxd3 45. f5 Bxb3 46. Kf2
Rh3 0-1

[Event "14. Obert Int. Sant Marti 2012"]
[Site "Barcelona ESP"]
[Date "2012.07.15"]
[Round "3.45"]
[White "Quero Ortega, Juan"]
[Black "Ponce Garcia, Joan"]
[Result "0-1"]
[WhiteElo "1877"]
[BlackElo "2102"]
[PlyCount "84"]
[EventDate "2012.07.13"]
[EventType "swiss"]
[EventRounds "9"]
[EventCountry "ESP"]
[SourceTitle "Ajedrez en Madrid"]
[Source "lmi"]
[SourceDate "2012.07.13"]
[SourceVersion "1"]
[SourceVersionDate "2019.06.21"]
[SourceQuality "1"]

1. e4 e6 2. Nf3 d5 3. exd5 exd5 4. d4 Bd6 5. Be2 Ne7 6. O-O O-O 7. Bg5 f6 8.
Bd2 Ng6 9. c4 dxc4 10. Bxc4+ Kh8 11. Nc3 Nc6 12. h3 Nf4 13. Bxf4 Bxf4 14. a3
Bf5 15. Ne2 Bd6 16. Bd3 Qd7 17. Bb5 Be4 18. Nc3 a6 19. Nxe4 axb5 20. Nc5 Bxc5
21. dxc5 Qf5 22. b4 Rad8 23. Qe2 Qd3 24. Qb2 Rfe8 25. Rfe1 h6 26. Qa2 Rxe1+ 27.
Rxe1 Ra8 28. Qf7 Qxa3 29. Re8+ Rxe8 30. Qxe8+ Kh7 31. Qe4+ g6 32. Nh4 Qa1+ 33.
Kh2 Qe5+ 34. Qxe5 fxe5 35. Nf3 Kg7 36. Kg3 Kf6 37. Nd2 Nxb4 38. Kf3 Na6 39. Nb3
Ke6 40. Ke4 g5 41. g4 c6 42. f3 b4 0-1

[Event "14. Obert Int. Sant Marti 2012"]
[Site "Barcelona ESP"]
[Date "2012.07.15"]
[Round "3.46"]
[White "Escobar Figueroa, Sandra"]
[Black "Vazquez Gamero, Miguel"]
[Result "0-1"]
[WhiteElo "1842"]
[BlackElo "2088"]
[PlyCount "70"]
[EventDate "2012.07.13"]
[EventType "swiss"]
[EventRounds "9"]
[EventCountry "ESP"]
[SourceTitle "Ajedrez en Madrid"]
[Source "lmi"]
[SourceDate "2012.07.13"]
[SourceVersion "1"]
[SourceVersionDate "2019.06.21"]
[SourceQuality "1"]

1. e4 c5 2. Nf3 Nc6 3. d4 cxd4 4. Nxd4 Nf6 5. Nc3 a6 6. a3 e6 7. Be2 Qc7 8. O-O
Nxd4 9. Qxd4 Bc5 10. Qd3 b5 11. Be3 Bb7 12. f4 d5 13. e5 Ne4 14. Rf3 Nxc3 15.
bxc3 d4 16. cxd4 Bxf3 17. Bxf3 Rd8 18. c3 O-O 19. f5 exf5 20. Qxf5 Be7 21. Qd3
Rc8 22. Bd2 Rfd8 23. Bg4 Qc4 24. Qh3 Rc6 25. Bf5 g6 26. Bd3 Qb3 27. Be4 Rc7 28.
Rf1 Bxa3 29. d5 Rxd5 30. Bxd5 Qxd5 31. Bg5 Qc5+ 32. Kh1 Qxc3 33. Qg4 Qxe5 34.
Bf4 Qe4 35. Rd1 Bd6 0-1

[Event "14. Obert Int. Sant Marti 2012"]
[Site "Barcelona ESP"]
[Date "2012.07.15"]
[Round "3.47"]
[White "Garcia Castellote, Oscar"]
[Black "Cardenas, Fernando Adrian"]
[Result "1-0"]
[WhiteElo "2088"]
[BlackElo "1916"]
[PlyCount "91"]
[EventDate "2012.07.13"]
[EventType "swiss"]
[EventRounds "9"]
[EventCountry "ESP"]
[SourceTitle "Ajedrez en Madrid"]
[Source "lmi"]
[SourceDate "2012.07.13"]
[SourceVersion "1"]
[SourceVersionDate "2019.06.21"]
[SourceQuality "1"]

1. e4 c5 2. d3 e6 3. g3 d5 4. Nd2 Nc6 5. Bg2 Nf6 6. Ngf3 Be7 7. O-O O-O 8. c3
b5 9. Re1 b4 10. e5 Nd7 11. c4 Nb6 12. b3 a5 13. Rb1 a4 14. h4 axb3 15. axb3
Ra2 16. Bb2 f5 17. Qc2 f4 18. Ra1 Rxa1 19. Bxa1 fxg3 20. fxg3 Qe8 21. d4 cxd4
22. cxd5 Nxd5 23. Nxd4 Nxd4 24. Bxd4 Bd7 25. Nc4 Qb8 26. Rf1 Rxf1+ 27. Kxf1 Bb5
28. Kg1 Qc8 29. Bf1 Bc5 30. Qf2 Bxd4 31. Qxd4 Qa6 32. Bg2 Bc6 33. Qc5 Qb7 34.
Na5 Qb6 35. Qxb6 Nxb6 36. Nxc6 Kf7 37. Nxb4 Nd7 38. Nd3 Ke7 39. Kf2 h6 40. Ke3
g5 41. hxg5 hxg5 42. Kd4 Kd8 43. Nc5 Nf8 44. Ne4 Nh7 45. Bh3 Kc7 46. b4 1-0

[Event "14. Obert Int. Sant Marti 2012"]
[Site "Barcelona ESP"]
[Date "2012.07.15"]
[Round "3.48"]
[White "Roig Ruiz, Carles"]
[Black "Kopaloff, Nick"]
[Result "0-1"]
[WhiteElo "1832"]
[BlackElo "2075"]
[PlyCount "58"]
[EventDate "2012.07.13"]
[EventType "swiss"]
[EventRounds "9"]
[EventCountry "ESP"]
[SourceTitle "Ajedrez en Madrid"]
[Source "lmi"]
[SourceDate "2012.07.13"]
[SourceVersion "1"]
[SourceVersionDate "2019.06.21"]
[SourceQuality "1"]

1. d4 Nf6 2. c4 e5 3. dxe5 Ng4 4. Nf3 Bc5 5. e3 Nc6 6. Nc3 Ngxe5 7. Be2 d6 8.
O-O O-O 9. a3 a5 10. b3 Nxf3+ 11. Bxf3 Ne5 12. Bb2 Re8 13. Ne4 Bb6 14. c5 Bxc5
15. Nxc5 Nxf3+ 16. Qxf3 dxc5 17. Rac1 Qg5 18. Rc4 Be6 19. h4 Qe7 20. Rf4 b5 21.
Qg3 Qf8 22. h5 Rad8 23. h6 g6 24. Rf6 Qd6 25. Qf3 Qd3 26. Qf4 Bxb3 27. Qxc7 Bc4
28. Rc1 Qb3 29. Be5 Rd1+ 0-1

[Event "14. Obert Int. Sant Marti 2012"]
[Site "Barcelona ESP"]
[Date "2012.07.15"]
[Round "3.49"]
[White "Garriga Cazorla, Pere"]
[Black "Garcia Acosta, Roger"]
[Result "1-0"]
[WhiteElo "2056"]
[BlackElo "1894"]
[PlyCount "39"]
[EventDate "2012.07.13"]
[EventType "swiss"]
[EventRounds "9"]
[EventCountry "ESP"]
[SourceTitle "Ajedrez en Madrid"]
[Source "lmi"]
[SourceDate "2012.07.13"]
[SourceVersion "1"]
[SourceVersionDate "2019.06.21"]
[SourceQuality "1"]

1. Nf3 d5 2. g3 Nf6 3. Bg2 e6 4. O-O Be7 5. c4 O-O 6. d3 c5 7. cxd5 exd5 8. Nc3
Nc6 9. e4 d4 10. Ne2 Qb6 11. Nd2 Qa6 12. Nf4 Ne5 13. Qe2 Re8 14. b3 g5 15. Nd5
Nxd5 16. exd5 Nxd3 17. d6 Nxc1 18. Qxa6 bxa6 19. Raxc1 Rb8 20. Bc6 1-0

[Event "14. Obert Int. Sant Marti 2012"]
[Site "Barcelona ESP"]
[Date "2012.07.15"]
[Round "3.50"]
[White "Ezquerro Luque, Albert"]
[Black "Olive Oller, Guim"]
[Result "1-0"]
[WhiteElo "2041"]
[BlackElo "1850"]
[PlyCount "39"]
[EventDate "2012.07.13"]
[EventType "swiss"]
[EventRounds "9"]
[EventCountry "ESP"]
[SourceTitle "Ajedrez en Madrid"]
[Source "lmi"]
[SourceDate "2012.07.13"]
[SourceVersion "1"]
[SourceVersionDate "2019.06.21"]
[SourceQuality "1"]

1. e4 c5 2. Nc3 Nc6 3. f4 d6 4. Nf3 e6 5. Bc4 a6 6. a4 Qc7 7. O-O Nf6 8. d3 Be7
9. Qe1 O-O 10. Qg3 Rd8 11. f5 exf5 12. Bh6 Nh5 13. Qh3 g6 14. Nd5 Qb8 15. exf5
Ng7 16. Bxg7 Kxg7 17. Nxe7 Nxe7 18. f6+ Kh8 19. g4 Nc6 20. Qh6 1-0

[Event "14. Obert Int. Sant Marti 2012"]
[Site "Barcelona ESP"]
[Date "2012.07.15"]
[Round "3.51"]
[White "Cano Sevila, Ivan"]
[Black "Garcia Mosquera, David"]
[Result "0-1"]
[WhiteElo "1521"]
[BlackElo "2033"]
[PlyCount "50"]
[EventDate "2012.07.13"]
[EventType "swiss"]
[EventRounds "9"]
[EventCountry "ESP"]
[SourceTitle "Ajedrez en Madrid"]
[Source "lmi"]
[SourceDate "2012.07.13"]
[SourceVersion "1"]
[SourceVersionDate "2019.06.21"]
[SourceQuality "1"]

1. e4 e5 2. Nf3 Nc6 3. Bc4 Nf6 4. Nc3 Be7 5. d3 d6 6. h3 O-O 7. O-O Na5 8. Bb3
Nxb3 9. axb3 Bd7 10. Ne2 Ne8 11. Ng3 g6 12. Bh6 Ng7 13. Qd2 f5 14. exf5 gxf5
15. Ng5 Qe8 16. Qb4 Bxg5 17. Bxg5 Qg6 18. Bd2 Bc6 19. Qh4 f4 20. Ne4 Bxe4 21.
dxe4 Qxe4 22. Rac1 Rae8 23. g3 Re6 24. Kh2 Rg6 25. g4 Qf3 0-1

[Event "14. Obert Int. Sant Marti 2012"]
[Site "Barcelona ESP"]
[Date "2012.07.15"]
[Round "3.52"]
[White "Diaz-flores Garcia, Pablo"]
[Black "Nadal Fajardo, Ricard"]
[Result "1-0"]
[WhiteElo "2018"]
[BlackElo "1707"]
[PlyCount "35"]
[EventDate "2012.07.13"]
[EventType "swiss"]
[EventRounds "9"]
[EventCountry "ESP"]
[SourceTitle "Ajedrez en Madrid"]
[Source "lmi"]
[SourceDate "2012.07.13"]
[SourceVersion "1"]
[SourceVersionDate "2019.06.21"]
[SourceQuality "1"]

1. e4 c5 2. Nc3 d6 3. Bc4 Nc6 4. d3 e6 5. f4 Nf6 6. Nf3 a6 7. a4 Be7 8. O-O O-O
9. Qe1 d5 10. Bb3 d4 11. Ne2 Qc7 12. Qg3 Rd8 13. Qh3 h6 14. g4 e5 15. f5 Nh7
16. Ng3 Rd6 17. Qh5 Bf6 18. h4 1-0

[Event "14. Obert Int. Sant Marti 2012"]
[Site "Barcelona ESP"]
[Date "2012.07.15"]
[Round "3.53"]
[White "Pulvett, Daniel"]
[Black "Isgandarova, Khayala"]
[Result "1-0"]
[WhiteElo "2383"]
[BlackElo "2206"]
[PlyCount "47"]
[EventDate "2012.07.13"]
[EventType "swiss"]
[EventRounds "9"]
[EventCountry "ESP"]
[SourceTitle "Ajedrez en Madrid"]
[Source "lmi"]
[SourceDate "2012.07.13"]
[SourceVersion "1"]
[SourceVersionDate "2019.06.21"]
[SourceQuality "1"]

1. e4 e6 2. f4 d5 3. e5 c5 4. Nf3 Nc6 5. c3 Nge7 6. Na3 Nf5 7. Nc2 d4 8. Bd3 b6
9. Qe2 Bb7 10. b3 Be7 11. Bb2 dxc3 12. dxc3 Bh4+ 13. Kf1 Be7 14. Rd1 Qc8 15.
Bxf5 exf5 16. Ne3 O-O 17. Qc2 f6 18. Nd5 c4 19. Nd4 Bd8 20. Ba3 Nxd4 21. Rxd4
fxe5 22. fxe5 Rf7 23. bxc4 f4 24. Qe4 1-0

[Event "14. Obert Int. Sant Marti 2012"]
[Site "Barcelona ESP"]
[Date "2012.07.16"]
[Round "4.1"]
[White "Laxman, R R.."]
[Black "Moskalenko, Viktor"]
[Result "1/2-1/2"]
[WhiteElo "2422"]
[BlackElo "2591"]
[PlyCount "101"]
[EventDate "2012.07.13"]
[EventType "swiss"]
[EventRounds "9"]
[EventCountry "ESP"]
[SourceTitle "Ajedrez en Madrid"]
[Source "lmi"]
[SourceDate "2012.07.13"]
[SourceVersion "1"]
[SourceVersionDate "2019.06.21"]
[SourceQuality "1"]

1. Nf3 d5 2. d4 e6 3. c4 c6 4. g3 Bd6 5. Bg2 f5 6. O-O Nf6 7. b3 Qe7 8. Nbd2
Nbd7 9. Bb2 O-O 10. e3 a5 11. Ne5 a4 12. f4 Ne4 13. Nxe4 dxe4 14. bxa4 Ba3 15.
Bc3 Bb4 16. Qb3 Bxc3 17. Qxc3 Rxa4 18. Rfb1 Nxe5 19. fxe5 Qc7 20. c5 Qa5 21.
Qxa5 Rxa5 22. a4 Kf7 23. Kf2 Ke7 24. Ke2 Kd8 25. Kd2 Kc7 26. Kc3 Bd7 27. Bf1 g5
28. Bc4 h5 29. Bb3 Raa8 30. Rg1 Rh8 31. Raf1 g4 32. h4 gxh3 33. Rh1 Rag8 34.
Rxh3 Rg5 35. Kd2 Rhg8 36. Rg1 b6 37. cxb6+ Kxb6 38. Bd1 Be8 39. Be2 Ka5 40. Kc3
R8g7 41. Bc4 Bf7 42. Bb3 Rg8 43. Bc4 Rb8 44. Rh2 Rb4 45. Bb3 Rg8 46. Rb2 c5 47.
dxc5 Rc8 48. Bc4 Rxb2 49. Kxb2 Kb4 50. Bb5 Be8 51. c6 1/2-1/2

[Event "14. Obert Int. Sant Marti 2012"]
[Site "Barcelona ESP"]
[Date "2012.07.16"]
[Round "4.2"]
[White "Perez Mitjans, Orelvis"]
[Black "Deepan, Chakkravarthy J"]
[Result "1/2-1/2"]
[WhiteElo "2504"]
[BlackElo "2468"]
[PlyCount "47"]
[EventDate "2012.07.13"]
[EventType "swiss"]
[EventRounds "9"]
[EventCountry "ESP"]
[SourceTitle "Ajedrez en Madrid"]
[Source "lmi"]
[SourceDate "2012.07.13"]
[SourceVersion "1"]
[SourceVersionDate "2019.06.21"]
[SourceQuality "1"]

1. e4 c5 2. Nf3 d6 3. d4 cxd4 4. Qxd4 Nc6 5. Bb5 Bd7 6. Bxc6 Bxc6 7. Nc3 e5 8.
Qd3 h6 9. O-O Nf6 10. Nd2 Be7 11. Nc4 O-O 12. Ne3 Re8 13. a4 Bf8 14. Rd1 Qc8
15. b3 Rd8 16. Ba3 b6 17. Rd2 a6 18. Bb4 b5 19. a5 Rd7 20. Ncd5 Bxd5 21. Nxd5
Nxd5 22. Qxd5 Rc7 23. c3 Rc6 24. Rad1 1/2-1/2

[Event "14. Obert Int. Sant Marti 2012"]
[Site "Barcelona ESP"]
[Date "2012.07.16"]
[Round "4.3"]
[White "Hernandez Carmenates, Holden"]
[Black "Lorenzo De La Riva, Lazaro"]
[Result "1-0"]
[WhiteElo "2569"]
[BlackElo "2422"]
[PlyCount "47"]
[EventDate "2012.07.13"]
[EventType "swiss"]
[EventRounds "9"]
[EventCountry "ESP"]
[SourceTitle "Ajedrez en Madrid"]
[Source "lmi"]
[SourceDate "2012.07.13"]
[SourceVersion "1"]
[SourceVersionDate "2019.06.21"]
[SourceQuality "1"]

1. d4 Nf6 2. c4 g6 3. f3 Bg7 4. e4 d6 5. Be3 O-O 6. Nc3 e5 7. d5 c6 8. Qd2 cxd5
9. cxd5 a6 10. Bd3 b5 11. Nge2 Nbd7 12. O-O Nb6 13. a4 b4 14. Nd1 a5 15. b3 Ne8
16. Nb2 f5 17. Rac1 f4 18. Bf2 g5 19. Rc6 Rb8 20. Bb5 g4 21. Rfc1 Bd7 22. Rxb6
g3 23. Rxb8 gxf2+ 24. Kf1 1-0

[Event "14. Obert Int. Sant Marti 2012"]
[Site "Barcelona ESP"]
[Date "2012.07.16"]
[Round "4.4"]
[White "Pogorelov, Ruslan"]
[Black "Ortiz Suarez, Isan Reynaldo"]
[Result "0-1"]
[WhiteElo "2417"]
[BlackElo "2562"]
[PlyCount "110"]
[EventDate "2012.07.13"]
[EventType "swiss"]
[EventRounds "9"]
[EventCountry "ESP"]
[SourceTitle "Ajedrez en Madrid"]
[Source "lmi"]
[SourceDate "2012.07.13"]
[SourceVersion "1"]
[SourceVersionDate "2019.06.21"]
[SourceQuality "1"]

1. Nf3 d5 2. d4 Nf6 3. c4 c6 4. Nc3 e6 5. e3 Nbd7 6. Qc2 Bd6 7. Bd3 dxc4 8.
Bxc4 b5 9. Bd3 Bb7 10. O-O O-O 11. a3 Qe7 12. e4 e5 13. Ne2 a6 14. b4 Rfe8 15.
Bb2 g6 16. dxe5 Nxe5 17. Nxe5 Bxe5 18. Bxe5 Qxe5 19. f4 Qe7 20. Ng3 Rad8 21.
Rf3 c5 22. bxc5 Rc8 23. Rc1 Nd7 24. Qb2 Rxc5 25. Rff1 Rxc1 26. Rxc1 Nc5 27. Qb1
Qd6 28. Bc2 Qxf4 29. Re1 Qd2 30. Re2 Qc3 31. Qb4 Qe5 32. Re3 Ne6 33. Qc3 Nd4
34. Bd1 Rc8 35. Qd2 Ne6 36. h3 Rd8 37. Qe1 Qc5 38. Bf3 Rd3 39. Nf1 Rxa3 40. Kh1
Rxe3 41. Nxe3 Nd4 42. Ng4 h5 43. Nf6+ Kg7 44. Ne8+ Kf8 45. Nf6 Bc6 46. Qg3 Nxf3
47. Qxf3 Qe5 48. Nd5 Kg7 49. Qd3 a5 50. Kg1 b4 51. Kf2 a4 52. Qc4 Bxd5 53. exd5
a3 54. g4 hxg4 55. hxg4 Qb2+ 0-1

[Event "14. Obert Int. Sant Marti 2012"]
[Site "Barcelona ESP"]
[Date "2012.07.16"]
[Round "4.5"]
[White "Barsov, Alexei"]
[Black "Gonzalez Rodriguez, Jorge A"]
[Result "0-1"]
[WhiteElo "2539"]
[BlackElo "2410"]
[PlyCount "95"]
[EventDate "2012.07.13"]
[EventType "swiss"]
[EventRounds "9"]
[EventCountry "ESP"]
[SourceTitle "Ajedrez en Madrid"]
[Source "lmi"]
[SourceDate "2012.07.13"]
[SourceVersion "1"]
[SourceVersionDate "2019.06.21"]
[SourceQuality "1"]

1. d4 Nf6 2. Nf3 b6 3. g3 Bb7 4. c4 e6 5. Bg2 Bb4+ 6. Bd2 Qe7 7. O-O Bxd2 8.
Qxd2 d6 9. Qc2 c5 10. Nc3 cxd4 11. Nxd4 Bxg2 12. Kxg2 O-O 13. Rfd1 a6 14. Qd3
Rc8 15. Nf3 Rc6 16. Ne4 Ne8 17. Nd4 Rc8 18. f4 Nd7 19. Qf3 Ra7 20. b3 Rac7 21.
Rd2 g6 22. Rad1 Ndf6 23. Nxf6+ Qxf6 24. Qe3 Rc5 25. Nf3 b5 26. Ng5 Qe7 27. Ne4
R5c6 28. Rd3 bxc4 29. bxc4 h5 30. Qf3 Qc7 31. h3 Rxc4 32. Nxd6 Nxd6 33. Rxd6
Qa5 34. Qd3 Kg7 35. Rd2 h4 36. gxh4 Rxf4 37. Rxa6 Qe5 38. Ra3 Rxh4 39. Qg3 Qe4+
40. Qf3 Qb4 41. Rdd3 Rc5 42. Qe3 Rf5 43. Rdb3 Qd6 44. Rd3 Qc6+ 45. Kg3 Rhh5 46.
Rd4 Qh1 47. h4 Rf1 48. Qe4 0-1

[Event "14. Obert Int. Sant Marti 2012"]
[Site "Barcelona ESP"]
[Date "2012.07.16"]
[Round "4.6"]
[White "Cuartas, Jaime Alexander"]
[Black "Saptarshi, Roy"]
[Result "0-1"]
[WhiteElo "2523"]
[BlackElo "2389"]
[PlyCount "56"]
[EventDate "2012.07.13"]
[EventType "swiss"]
[EventRounds "9"]
[EventCountry "ESP"]
[SourceTitle "Ajedrez en Madrid"]
[Source "lmi"]
[SourceDate "2012.07.13"]
[SourceVersion "1"]
[SourceVersionDate "2019.06.21"]
[SourceQuality "1"]

1. e4 c5 2. b3 d6 3. Bb2 e5 4. Nc3 Nc6 5. Nge2 f5 6. d3 Nf6 7. Qd2 Be7 8. g3
O-O 9. Bg2 Ng4 10. exf5 Bg5 11. Qd1 Ne7 12. h3 Nxf2 13. Kxf2 Nxf5 14. Bf3 Ne3
15. Qb1 Rxf3+ 16. Kxf3 Qf8+ 17. Nf4 exf4 18. g4 h5 19. Ne4 Bh4 20. Qg1 d5 21.
Nf2 Qe7 22. Re1 Bd7 23. gxh5 Bg3 24. Bc1 Qh4 25. Bxe3 fxe3 26. Ng4 Rf8+ 27.
Kxe3 Qg5+ 28. Ke2 Re8+ 0-1

[Event "14. Obert Int. Sant Marti 2012"]
[Site "Barcelona ESP"]
[Date "2012.07.16"]
[Round "4.7"]
[White "Munoz Pantoja, Miguel"]
[Black "Krishna, C R G.."]
[Result "1-0"]
[WhiteElo "2496"]
[BlackElo "2273"]
[PlyCount "83"]
[EventDate "2012.07.13"]
[EventType "swiss"]
[EventRounds "9"]
[EventCountry "ESP"]
[SourceTitle "Ajedrez en Madrid"]
[Source "lmi"]
[SourceDate "2012.07.13"]
[SourceVersion "1"]
[SourceVersionDate "2019.06.21"]
[SourceQuality "1"]

1. e4 e6 2. d4 d5 3. Nd2 Nf6 4. e5 Nfd7 5. Bd3 c5 6. c3 Nc6 7. Ne2 cxd4 8. cxd4
f6 9. exf6 Nxf6 10. O-O Bd6 11. Nf3 Qc7 12. Bg5 O-O 13. Rc1 Ng4 14. h3 Rxf3 15.
hxg4 Rf8 16. Bb1 Bd7 17. Be3 Be8 18. f4 Qb6 19. Qd2 Na5 20. b3 Ba3 21. Rcd1 Bb5
22. Rf2 Rae8 23. Nc1 Nc6 24. Nd3 a5 25. Ne5 Nxe5 26. dxe5 Qc7 27. Bd4 Rc8 28.
f5 Bc1 29. Qe1 Bg5 30. fxe6 Bf4 31. a4 Ba6 32. b4 axb4 33. Qxb4 Rce8 34. Bc5
Qxe5 35. Bxf8 Be3 36. Bc5 d4 37. Bxd4 Qf4 38. Bxh7+ Kxh7 39. Qb1+ Kg8 40. Bxe3
Qxe3 41. Re1 Qc3 42. Qe4 1-0

[Event "14. Obert Int. Sant Marti 2012"]
[Site "Barcelona ESP"]
[Date "2012.07.16"]
[Round "4.8"]
[White "Cruz, Filemon"]
[Black "Gonzalez Perez, Arian"]
[Result "1-0"]
[WhiteElo "2404"]
[BlackElo "2452"]
[PlyCount "91"]
[EventDate "2012.07.13"]
[EventType "swiss"]
[EventRounds "9"]
[EventCountry "ESP"]
[SourceTitle "Ajedrez en Madrid"]
[Source "lmi"]
[SourceDate "2012.07.13"]
[SourceVersion "1"]
[SourceVersionDate "2019.06.21"]
[SourceQuality "1"]

1. c4 Nf6 2. Nc3 e6 3. d4 d5 4. cxd5 exd5 5. Bg5 Be7 6. e3 c6 7. Qc2 Nbd7 8.
Bd3 O-O 9. Nf3 Re8 10. O-O Nf8 11. Rab1 Ne4 12. Bxe7 Qxe7 13. Bxe4 dxe4 14. Nd2
f5 15. Nc4 Be6 16. Ne2 Bxc4 17. Qxc4+ Qf7 18. Rfc1 Qxc4 19. Rxc4 Nd7 20. b4 a6
21. h4 Nb6 22. Rc5 Nd5 23. a4 f4 24. Nxf4 Nxf4 25. exf4 e3 26. Re5 exf2+ 27.
Kxf2 Kf7 28. Ke3 h5 29. Ke4 Kf6 30. Rc1 g6 31. Rcc5 Re6 32. Rxe6+ Kxe6 33. f5+
gxf5+ 34. Rxf5 Rh8 35. g3 Rh7 36. b5 cxb5 37. axb5 axb5 38. Rxb5 Kd6 39. Rg5
Kc6 40. Rg6+ Kb5 41. Ke5 Kc4 42. d5 b5 43. Rc6+ Kd3 44. d6 b4 45. Rc7 Rh8 46.
d7 1-0

[Event "14. Obert Int. Sant Marti 2012"]
[Site "Barcelona ESP"]
[Date "2012.07.16"]
[Round "4.9"]
[White "Espinoza Palomino, Willyam"]
[Black "Prasanna, Raghuram Rao"]
[Result "1/2-1/2"]
[WhiteElo "2296"]
[BlackElo "2428"]
[PlyCount "78"]
[EventDate "2012.07.13"]
[EventType "swiss"]
[EventRounds "9"]
[EventCountry "ESP"]
[SourceTitle "Ajedrez en Madrid"]
[Source "lmi"]
[SourceDate "2012.07.13"]
[SourceVersion "1"]
[SourceVersionDate "2019.06.21"]
[SourceQuality "1"]

1. e4 c5 2. Nf3 e6 3. b3 d5 4. exd5 exd5 5. Bb5+ Nc6 6. O-O Nf6 7. d4 Be6 8.
Re1 Be7 9. Ba3 Ne4 10. Nfd2 Nxd2 11. Qxd2 cxd4 12. Bxe7 Qxe7 13. Qxd4 O-O 14.
Bxc6 bxc6 15. Nc3 Qg5 16. Re3 Bf5 17. Na4 Rfe8 18. Rae1 Rxe3 19. Qxe3 Qxe3 20.
fxe3 Re8 21. Kf2 Bxc2 22. Rc1 Be4 23. Rxc6 d4 24. Rc7 dxe3+ 25. Kxe3 Bxg2+ 26.
Kf2 Be4 27. Nc3 Bf5 28. Rxa7 h5 29. Rc7 Rd8 30. h4 Rd2+ 31. Ke3 Rh2 32. a4 Rh3+
33. Kf2 Rxh4 34. a5 Bd3 35. Rd7 Rh3 36. Kg2 Re3 37. Kf2 Rh3 38. Kg2 Re3 39. Kf2
Rh3 1/2-1/2